Hughes electrical and electronic technology (Record no. 13651)
[ view plain ]
| 000 -LEADER | |
|---|---|
| fixed length control field | 00447nam a22001697a 4500 |
| 020 ## - INTERNATIONAL STANDARD BOOK NUMBER | |
| ISBN | 9788131733660 |
| 082 ## - DEWEY DECIMAL CLASSIFICATION NUMBER | |
| Classification number | 621.301 |
| Item number | HUG/EL |
| 100 ## - MAIN ENTRY--AUTHOR NAME | |
| Personal name | Hughes, Edward |
| 245 ## - TITLE STATEMENT | |
| Title | Hughes electrical and electronic technology |
| 250 ## - EDITION STATEMENT | |
| Edition statement | 10 |
| 260 ## - PUBLICATION, DISTRIBUTION, ETC. (IMPRINT) | |
| Place of publication | New Delhi |
| Name of publisher | Pearson Education |
| -- | Dorling Kindersley India Pvt. Ltd. |
| Year of publication | 2011 |
| 300 ## - PHYSICAL DESCRIPTION | |
| Number of Pages | 1008 |
| 700 ## - ADDED ENTRY--PERSONAL NAME | |
| Personal name | Hiley, John |
| 700 ## - ADDED ENTRY--PERSONAL NAME | |
| Personal name | Brown, Keith |
| 700 ## - ADDED ENTRY--PERSONAL NAME | |
| Personal name | Smith, Ian McKenzie |
| 942 ## - ADDED ENTRY ELEMENTS (KOHA) | |
| Koha item type | Books |
| Withdrawn status | Lost status | Damaged status | Collection code | Home library | Current library | Shelving location | Date acquired | Source of acquisition | Cost, normal purchase price | Full call number | Accession Number | Koha item type |
|---|---|---|---|---|---|---|---|---|---|---|---|---|
| Non-fiction | KAUAET | KAUAET | General Stacks | 31/03/2012 | Cosmo Books, Calicut | 550.00 | 621.301 HUG/EL | 22301 | Books |
